000
00338 a2200157 4500
001
70814
020
_a
8536300949
040
_c
Anchieta - Itaigara
100
_a
Narbona, Juan
240
1
0
_a
A linguagem da criança
_l
por
245
1
0
_a
A linguagem da criança
300
_a
543
362
0
_a
2005
650
4
_a
Educação
942
_c
BK
999
_c
70814
_d
70814